000 00901nam a22002417a 4500
001 10047
003 FISKH
005 20260401145218.0
008 260401b cb ||||| |||| 00| 0 eng d
020 _a9780552994217
040 _aFISKH
_beng
_cFISKH
_dFISKH
050 _aPR6053 .A72 .C65
082 _a823.914
100 _aCarson, Michael
245 _aComing up roses /
_cMichael Carson
250 _aThis edition published in 1991
260 _aGreat Britian :
_bBlack Swan,
_c1990
300 _a254 pages ;
_c20 cm
520 _aA story set in the fictional country of Ras Al Surra, which is a satire on Arab politics and British bureaucracy. Sultan Nabil, ex-hippy and now bohemian ruler of Zibda, wants to keep the peace but all King Fadl of Ras Al Surra wants is a piece of Nabil's Zibda
650 _aAdult Book
_vFiction
_xHomosexuality
942 _2ddc
_cBK
_n0
999 _c10047
_d10047